[Event "Titled Tuesday intern op 16th Apr Late"]
[Site "Chess.com INT"]
[Date "2024.04.16"]
[Round "3"]
[White "Ebrahimi Herab, Hamidreza"]
[Black "Bryakin, Mikhail"]
[Result "0-1"]
[WhiteElo "2333"]
[BlackElo "2467"]
[PlyCount "98"]
[EventDate "2024.04.16"]
[EventType "swiss (blitz)"]
[EventRounds "11"]
[EventCountry "USA"]
[SourceTitle "CB17_2024"]
[SourceDate "2024.04.24"]
[SourceVersion "1"]
[SourceVersionDate "2024.04.24"]
[SourceQuality "1"]

1. d4 g6 2. e4 Bg7 3. Nf3 d6 4. Nc3 e5 5. Be3 Nc6 6. dxe5 Nxe5 7. Nxe5 dxe5 8. Qxd8+ Kxd8 9. 0-0-0+ Bd7 10. Bc4 Nh6 11. Kb1 c6 12. Bxh6 Bxh6 13. Bxf7 Ke7 14. Bb3 b6 15. f3 Rad8 16. Rd3 Bc8 17. Rhd1 Rxd3 18. Rxd3 Bf4 19. h3 h5 20. Ne2 g5 21. Nxf4 gxf4 22. Rd2 h4 23. Kc1 Rd8 24. Rxd8 Kxd8 25. Kd2 Kc7 26. c4 a5 27. Kc3 Kd6 28. Bc2 b5 29. b4 axb4+ 30. Kxb4 bxc4 31. a4 c3 32. Kxc3 Kc5 33. Bd3 Be6 34. Bc2 Bc4 35. Bd3 Bxd3 36. Kxd3 Kb4 37. a5 Kxa5 38. Kc4 Kb6 39. Kb4 c5+ 40. Ka4 Ka6 41. Ka3 Ka5 42. Kb3 Kb5 43. Kc3 c4 44. Kc2 Kb4 45. Kb2 c3+ 46. Kc2 Kc4 47. Kc1 Kd3 48. Kd1 c2+ 49. Kc1 Kc3 0-1

[Event "Titled Tuesday intern op 16th Apr Late"]
[Site "Chess.com INT"]
[Date "2024.04.16"]
[Round "1"]
[White "Prohorov, Olexandr"]
[Black "Ebrahimi Herab, Hamidreza"]
[Result "0-1"]
[WhiteElo "2086"]
[BlackElo "2333"]
[PlyCount "76"]
[EventDate "2024.04.16"]
[EventType "swiss (blitz)"]
[EventRounds "11"]
[EventCountry "USA"]
[SourceTitle "CB17_2024"]
[SourceDate "2024.04.24"]
[SourceVersion "1"]
[SourceVersionDate "2024.04.24"]
[SourceQuality "1"]

1. d4 Nf6 2. c4 g6 3. Nc3 d5 4. cxd5 Nxd5 5. Na4 Bg7 6. e4 Nb6 7. Nf3 0-0 8. Be3 Bg4 9. Be2 Nc6 10. Nc5 Bxf3 11. gxf3 Nxd4 12. Nxb7 Qc8 13. Bxd4 Qxb7 14. Bxg7 Kxg7 15. h4 h5 16. Rc1 Rac8 17. Qc2 c5 18. Kf1 e5 19. Qc3 Qe7 20. b3 Rfd8 21. Ba6 Rc7 22. Kg2 Rd4 23. Rc2 Nd7 24. Bc4 Nf8 25. Rcc1 g5 26. Qe3 gxh4 27. Kh2 Ng6 28. Rhg1 Qf6 29. Rg5 Kf8 30. Rf5 Qg7 31. Rg1 Rd6 32. Qc3 Rf6 33. Qa5 Rb6 34. Rxh5 h3 35. Rxh3 Qf6 36. Rhg3 Qh4+ 37. Kg2 Qd8 38. Qd2 Qxd2 0-1

[Event "Titled Tuesday intern op 02nd Apr Early"]
[Site "Chess.com INT"]
[Date "2024.04.02"]
[Round "3"]
[White "Ebrahimi Herab, Hamidreza"]
[Black "Hubbard, Andrew"]
[Result "1-0"]
[WhiteElo "2333"]
[BlackElo "2109"]
[PlyCount "78"]
[EventDate "2024.04.02"]
[EventType "swiss (blitz)"]
[EventRounds "11"]
[EventCountry "USA"]
[SourceTitle "CB15_2024"]
[SourceDate "2024.04.10"]
[SourceVersion "1"]
[SourceVersionDate "2024.04.10"]
[SourceQuality "1"]

1. d4 Nf6 2. c4 e6 3. Nc3 Bb4 4. f3 d5 5. a3 Be7 6. e4 dxe4 7. fxe4 e5 8. d5 Bc5 9. Nf3 Bg4 10. Be2 Nbd7 11. Bg5 a5 12. Qd2 h6 13. Be3 Qe7 14. 0-0-0 Bxf3 15. Bxf3 Bxe3 16. Qxe3 Nc5 17. Kb1 0-0 18. g4 Ne8 19. h4 b6 20. g5 Nd6 21. Be2 h5 22. Bxh5 Nxc4 23. Qe2 b5 24. g6 f5 25. exf5 Nd6 26. Bf3 b4 27. axb4 axb4 28. Ne4 Ndxe4 29. Bxe4 Qd7 30. Qh5 Rf6 31. Qh7+ Kf8 32. Qh8+ Ke7 33. Qxg7+ Kd8 34. Qxf6+ Kc8 35. Qf8+ Kb7 36. Qxc5 Ra1+ 37. Kxa1 Qa4+ 38. Kb1 b3 39. d6+ Qxe4+ 1-0

[Event "Abu Dhabi op 29th"]
[Site "Abu Dhabi"]
[Date "2023.08.23"]
[Round "8"]
[White "Harikrishnan, A Ra"]
[Black "Ebrahimi Herab, Hamidreza"]
[Result "1/2-1/2"]
[WhiteElo "2437"]
[BlackElo "2302"]
[PlyCount "54"]
[EventDate "2023.08.16"]
[EventType "swiss"]
[EventRounds "9"]
[EventCountry "UAE"]
[SourceTitle "EXT 2024"]
[Source "ChessBase"]
[SourceDate "2023.10.10"]
[SourceVersion "1"]
[SourceVersionDate "2023.10.10"]
[SourceQuality "1"]

1. d4 Nf6 2. Nf3 g6 3. Bf4 Bg7 4. e3 0-0 5. Be2 c5 6. c3 cxd4 7. exd4 d6 8. 0-0 Nc6 9. Re1 Nh5 10. Be3 e5 11. dxe5 dxe5 12. Qxd8 Rxd8 13. Na3 Nf4 14. Bxf4 exf4 15. Rad1 Be6 16. Bc4 Bxc4 17. Nxc4 b5 18. Nd6 b4 19. Nb5 Rxd1 20. Rxd1 Rb8 21. Nbd4 Nxd4 22. cxd4 Rc8 23. Ne1 Rd8 24. Nf3 Rc8 25. Ne1 Rd8 26. Nf3 Rc8 27. Ne1 Rd8 1/2-1/2